Normal view
MARC view
Entry Chronological Term
001 - CONTROL NUMBER
- control field: 40821
003 - CONTROL NUMBER IDENTIFIER
- control field: ARRUPE
005 - DATE AND TIME OF LATEST TRANSACTION
- control field: 20180322091509.0
008 - FIXED-LENGTH DATA ELEMENTS
- fixed length control field: 180322|| aca||aabn | a|a d
040 ## - CATALOGING SOURCE
- Original cataloging agency: ARRUPE
- Transcribing agency: ARRUPE
148 ## - HEADING--CHRONOLOGICAL TERM
- Chronological term: 1500-1599
670 ## - SOURCE DATA FOUND
- Source citation: Work cat.: (ARRUPE)0: Gerle, Elisabeth, author. 40819, Passionate embrace :, 2017